000 01559nam a2200325 a 4500
001 BRCA_3013
005 20190320204053.0
008 200109s1733----fr-a---###---#000-0#fre-u
041 _afre
044 _afr
084 _a332
_b.H83
_c1733
100 1 _aCervantes Saavedra, Miguel de
_d1547-1616
_9213
245 1 0 _aHistoire de L´Admirable Don Quichotte de la Manche
_cMiguel de Cervantes Saavedra.
260 _aParís
_bPierre Michel Huart
_c1733
300 _a4 v.
_bil.
_c18 cm.
500 _aContenido : v 1. Primera parte. Advertencia del traductor. Texto. -- v 2. Texto. -- v 3. Segunda parte. Texto. -- v 4. Texto. -- v 5. Primera parte de la continuación del traductor. -- v 6. Segunda parte de la continuación por el tradutor
500 _aEdición : Traduit de l´Espagnol de Michael de Cervantes. Novue edition revue corrigée et augmentée
500 _aReproducción exacta de la edición anterior, con las mismas láminas. Piel; lomeras decoradas con dorados Lúdovik Osterc
500 _aExistencias : En esta edición faltan los volumenes cinco y seis
500 _aQM260A
546 _aTexto en : francés
650 1 4 _aNovela española
_yÉpoca clásica, 1500-1700
_9215
650 1 4 _aLiteratura española
_yÉpoca clásica, 1500-1700
_9216
650 1 4 _aNovela española
_ySiglo XVII
_9217
650 1 4 _aDon Quijote (Personaje ficticio)
_eNovela
_9218
700 1 _aSain-Martin, Francois Filleau de
_d1632-1695
_eTraductor
_98307
740 0 _aEl Ingenioso Hidalgo Don Quijote de la Mancha
902 _aQFM
942 _2lcc
_cB
999 _c2751
_d2751